<?xml version='1.0' encoding='UTF-8'?>
  <record xmlns="http://www.loc.gov/MARC21/slim">
    <leader>00000cam a22000007i 4500</leader>
    <controlfield tag="001">ocn974087103</controlfield>
    <controlfield tag="003">OCoLC</controlfield>
    <controlfield tag="005">20260117200843.2</controlfield>
    <controlfield tag="008">031031q14751475gw            000 0 lat d</controlfield>
    <datafield tag="040" ind1=" " ind2=" ">
      <subfield code="a">QGJ</subfield>
      <subfield code="b">eng</subfield>
      <subfield code="e">rda</subfield>
      <subfield code="e">dcrmr</subfield>
      <subfield code="c">QGJ</subfield>
      <subfield code="d">OCLCQ</subfield>
      <subfield code="d">OCLCL</subfield>
      <subfield code="d">OCLCQ</subfield>
      <subfield code="d">OCLCL</subfield>
      <subfield code="d">QGJ</subfield>
      <subfield code="d">OCLCO</subfield>
      <subfield code="d">QGJ</subfield>
      <subfield code="d">OCLCO</subfield>
    </datafield>
    <datafield tag="035" ind1=" " ind2=" ">
      <subfield code="a">(OCoLC)974087103</subfield>
    </datafield>
    <datafield tag="041" ind1=" " ind2=" ">
      <subfield code="a">lat</subfield>
    </datafield>
    <datafield tag="082" ind1=" " ind2="4">
      <subfield code="a">230/.2</subfield>
      <subfield code="q">OCoLC</subfield>
      <subfield code="2">19/eng/20230216</subfield>
      <subfield code="1">https://id.oclc.org/worldcat/ddc/E38HT76mwJVwVjwKY7HrH9rmbX</subfield>
    </datafield>
    <datafield tag="100" ind1="0" ind2=" ">
      <subfield code="a">Hugo,</subfield>
      <subfield code="c">Argentinensis,</subfield>
      <subfield code="d">approximately 1210-approximately 1270,</subfield>
      <subfield code="e">author,</subfield>
      <subfield code="e">aut</subfield>
      <subfield code="1">https://id.oclc.org/worldcat/entity/E39PBJdGGHgTt4hbPVVJ6MbWXd</subfield>
    </datafield>
    <datafield tag="240" ind1="1" ind2="0">
      <subfield code="a">Compendium theologicae veritatis</subfield>
    </datafield>
    <datafield tag="245" ind1="1" ind2="0">
      <subfield code="a">Conpediu[m] theologice veritatis</subfield>
    </datafield>
    <datafield tag="264" ind1=" " ind2="1">
      <subfield code="a">[Cologne] :</subfield>
      <subfield code="b">N[icolaus] G[ötz],</subfield>
      <subfield code="c">[approximately 1475]</subfield>
    </datafield>
    <datafield tag="300" ind1=" " ind2=" ">
      <subfield code="a">[148] leaves ;</subfield>
      <subfield code="c">29 cm (folio)</subfield>
    </datafield>
    <datafield tag="336" ind1=" " ind2=" ">
      <subfield code="a">text</subfield>
      <subfield code="b">txt</subfield>
      <subfield code="2">rdacontent</subfield>
    </datafield>
    <datafield tag="337" ind1=" " ind2=" ">
      <subfield code="a">unmediated</subfield>
      <subfield code="b">n</subfield>
      <subfield code="2">rdamedia</subfield>
    </datafield>
    <datafield tag="338" ind1=" " ind2=" ">
      <subfield code="a">volume</subfield>
      <subfield code="b">nc</subfield>
      <subfield code="2">rdacarrier</subfield>
    </datafield>
    <datafield tag="340" ind1=" " ind2=" ">
      <subfield code="m">folio</subfield>
      <subfield code="2">rdabf</subfield>
    </datafield>
    <datafield tag="340" ind1=" " ind2=" ">
      <subfield code="k">2 columns</subfield>
    </datafield>
    <datafield tag="500" ind1=" " ind2=" ">
      <subfield code="a">Authorship from Library of Congress name authority file (LCnaf); attributed by ISTC and IDL to Albertus Magnus.</subfield>
    </datafield>
    <datafield tag="500" ind1=" " ind2=" ">
      <subfield code="a">Title from incipit  table of contents (leaf [1] recto), which reads: Incipit conpediu[m] theologice veritatis. Conpe[n]diu[m] diuiuit[ur] in septe[m]. li[bros]. Prim[us] e[st] de natura diuinitatis.</subfield>
    </datafield>
    <datafield tag="500" ind1=" " ind2=" ">
      <subfield code="a">Some copies read in stead of "diuiuit[ur]" corretly: "diuidit[ur]". (GW)</subfield>
    </datafield>
    <datafield tag="500" ind1=" " ind2=" ">
      <subfield code="a">Leaf [2] verso: Expliciunt tituli co[m]pendij theologice veritatis Sequitur Prologus</subfield>
    </datafield>
    <datafield tag="500" ind1=" " ind2=" ">
      <subfield code="a">Leaf [3] recto: [V]Eritatis theoloyce sublimitas cu[m] superni sit splendoris radius illuminans i[n]tellectu[m] ...</subfield>
    </datafield>
    <datafield tag="500" ind1=" " ind2=" ">
      <subfield code="a">Main work begins in second column of leaf [3] recto: Explicit prolog[us]. Incip[i]t lib[er] p[ri]m[us] de natura diuinitatis Quod deus sit. ...</subfield>
    </datafield>
    <datafield tag="500" ind1=" " ind2=" ">
      <subfield code="a">Some copies read in stead of "Incip[i]t lib[er] prim[us]": "Incipit liber primus". (GW)</subfield>
    </datafield>
    <datafield tag="500" ind1=" " ind2=" ">
      <subfield code="a">Explicit (leaf [147] verso: Explicit Co[m]pendiu[m] theoloice veritatis. Amen. Spes mea sola in v[ir]gine gr[at]a N G</subfield>
    </datafield>
    <datafield tag="500" ind1=" " ind2=" ">
      <subfield code="a">Text printed in two columns.</subfield>
    </datafield>
    <datafield tag="500" ind1=" " ind2=" ">
      <subfield code="a">Initial spaces without guide letters.</subfield>
    </datafield>
    <datafield tag="510" ind1="4" ind2=" ">
      <subfield code="a">Incunabula short title catalogue (ISTC),</subfield>
      <subfield code="c">ia00231000</subfield>
      <subfield code="u">https://data.cerl.org/istc/ia00231000</subfield>
    </datafield>
    <datafield tag="510" ind1="4" ind2=" ">
      <subfield code="a">Gesamtkatalog der Wiegendrucke,</subfield>
      <subfield code="c">00598</subfield>
      <subfield code="u">https://www.gesamtkatalogderwiegendrucke.de/docs/GW00598.htm</subfield>
    </datafield>
    <datafield tag="510" ind1="4" ind2=" ">
      <subfield code="a">Incunabula in Dutch Libraries,</subfield>
      <subfield code="c">120</subfield>
    </datafield>
    <datafield tag="510" ind1="4" ind2=" ">
      <subfield code="a">Bayerische Staatsbibliothek Inkunabelkatalog,</subfield>
      <subfield code="c">H-397</subfield>
      <subfield code="u">https://inkunabeln.digitale-sammlungen.de/Ausgabe_H-397.html</subfield>
    </datafield>
    <datafield tag="510" ind1="4" ind2=" ">
      <subfield code="a">Typenrepertorium der Wiegendrucke,</subfield>
      <subfield code="c">ma04679</subfield>
      <subfield code="u">https://tw.staatsbibliothek-berlin.de/ma04679</subfield>
    </datafield>
    <datafield tag="546" ind1=" " ind2=" ">
      <subfield code="b">Typeface: 1:98G</subfield>
    </datafield>
    <datafield tag="650" ind1=" " ind2="0">
      <subfield code="a">Theology, Doctrinal</subfield>
      <subfield code="v">Early works to 1800.</subfield>
    </datafield>
    <datafield tag="650" ind1=" " ind2="6">
      <subfield code="a">Théologie dogmatique</subfield>
      <subfield code="v">Ouvrages avant 1800.</subfield>
    </datafield>
    <datafield tag="650" ind1=" " ind2="7">
      <subfield code="a">Theology, Doctrinal</subfield>
      <subfield code="2">fast</subfield>
    </datafield>
    <datafield tag="650" ind1=" " ind2="7">
      <subfield code="a">Incunabula</subfield>
      <subfield code="2">fast</subfield>
    </datafield>
    <datafield tag="655" ind1=" " ind2="2">
      <subfield code="a">Incunabula</subfield>
    </datafield>
    <datafield tag="655" ind1=" " ind2="7">
      <subfield code="a">incunabula (books)</subfield>
      <subfield code="2">aat</subfield>
    </datafield>
    <datafield tag="655" ind1=" " ind2="7">
      <subfield code="a">Early works</subfield>
      <subfield code="2">fast</subfield>
    </datafield>
    <datafield tag="655" ind1=" " ind2="7">
      <subfield code="a">Incunables.</subfield>
      <subfield code="2">rvmgf</subfield>
    </datafield>
    <datafield tag="700" ind1="1" ind2=" ">
      <subfield code="a">Goetz, Nicolaus,</subfield>
      <subfield code="d">active 1474-1480,</subfield>
      <subfield code="e">printer.</subfield>
      <subfield code="4">prt</subfield>
      <subfield code="1">https://id.oclc.org/worldcat/entity/E39PCjHwpfjVGY3dYDHhWwftXd</subfield>
    </datafield>
    <datafield tag="700" ind1="0" ind2=" ">
      <subfield code="a">Albertus,</subfield>
      <subfield code="c">Magnus, Saint,</subfield>
      <subfield code="d">1193?-1280,</subfield>
      <subfield code="e">attributed name.</subfield>
      <subfield code="4">att</subfield>
      <subfield code="1">https://id.oclc.org/worldcat/entity/E39PCjGMRcMxpKBxFQkHTPYhgX</subfield>
    </datafield>
    <datafield tag="752" ind1=" " ind2=" ">
      <subfield code="a">Germany</subfield>
      <subfield code="d">Cologne,</subfield>
      <subfield code="e">publication place.</subfield>
      <subfield code="4">pup</subfield>
    </datafield>
    <datafield tag="936" ind1=" " ind2=" ">
      <subfield code="a">BATCHLOAD</subfield>
    </datafield>
  </record>